000 01761nam0a2200337 4500
001 RU\NLR\BIBL_A\012141465
005 20191202164131.0
010 _a978-5-93061-150-2
_9200
021 _aRU
_bКН-П-19-076332
_9КН-П-19-5507
035 _a(NLR Aleph) 012141465
035 _a(RuMoRGB)010116095
090 _a12098950
_c12098950
100 _a20191115d2019 k y0rusy50 ca
101 0 _arus
102 _aRU
105 _aach|z|||001zy
200 1 _aМузыкальное образование в Вологде 1920-1930-х годов в материалах и документах
_fМинистерство образования и науки Российской Федерации, Вологодский государственный университет
_g[редактор, составитель: М. Г. Долгушина]
210 _aВологда
_cДревности Севера
_d2019
215 _a208 с.
_cил., портр., факс.
_d21
320 _aИмен. указ.: с. 175-181
606 1 _aМузыкальное образование
_jДокументы и материалы
_xИстория
_yВологда, город
_z1920 - 1930-ые гг.
_92430722
_3RU\NLR\AUTH\6601665067
686 1 _aЧ459.782.3(2Р-4Вол)712я45
702 1 _aДолгушина
_bМ. Г.
_gМарина Геннадьевна
_4220
712 0 2 _4475
_aВологодский государственный университет
_9412918
_3RU\NLR\AUTH\880373210
712 0 2 _4570
_a"Красный Север", газета
_cВологда
_9381275
_3RU\NLR\AUTH\8810247852
942 _cBOOK
980 _aNBR
980 _aNB